| Tag |
First Indicator |
Second Indicator |
Subfields |
| LEADER |
00000pam a2200000 i 4500 |
| 001 |
in00000056781 |
| 005 |
20151008050402.0 |
| 008 |
780613s1979 ne a b 10010 eng |
| 010 |
|
|
|a 78017073
|
| 020 |
|
|
|a 0444851895
|
| 035 |
|
|
|a (OCoLC)04036469
|
| 035 |
|
|
|9 AAG0756AM
|
| 040 |
|
|
|a DLC
|c DLC
|d TXA
|d UtOrBLW
|
| 049 |
|
|
|a TXAM
|c [1383193]
|
| 050 |
0 |
0 |
|a QA279.2
|b .I56 1979
|
| 082 |
0 |
|
|a 519.5/4
|
| 110 |
2 |
|
|a Institute of Statisticians.
|
| 245 |
1 |
0 |
|a Forecasting :
|b proceedings of the Institute of Statisticians annual conference, Cambridge 1976 /
|c edited by O. D. Anderson.
|
| 264 |
|
1 |
|a Amsterdam ;
|a New York :
|b North-Holland Pub. Co. ;
|c [1979]
|
| 264 |
|
2 |
|a New York :
|b Sole distributors for the U.S.A. and Canada, Elsevier North-Holland,
|
| 264 |
|
4 |
|c ©1979
|
| 300 |
|
|
|a 279 pages :
|b illustrations ;
|c 23 cm.
|
| 336 |
|
|
|a text
|b txt
|2 rdacontent
|
| 337 |
|
|
|a unmediated
|b n
|2 rdamedia
|
| 338 |
|
|
|a volume
|b nc
|2 rdacarrier
|
| 504 |
|
|
|a Includes bibliographies.
|
| 650 |
|
0 |
|a Prediction theory
|x Congresses.
|
| 650 |
|
0 |
|a Forecasting
|v Congresses.
|
| 650 |
|
0 |
|a Economic forecasting
|v Congresses.
|
| 700 |
1 |
|
|a Anderson, O. D.
|q (Oliver Duncan),
|d 1940-
|
| 999 |
|
|
|a MARS
|
| 999 |
f |
f |
|s 62759cfa-510c-34f1-bd06-236ba9f5aa2c
|i deaf7f33-b54a-3e4e-8afb-d2c6cc1be8bd
|t 0
|
| 952 |
f |
f |
|p ric
|a Texas A&M University
|b Rellis Campus
|c Joint Library Facility
|d Remote Storage
|t 0
|e QA279.2 .I56 1979
|h Library of Congress classification
|i unmediated -- volume
|m A14804509087
|
| 998 |
f |
f |
|a QA279.2 .I56 1979
|t 0
|l Remote Storage
|